| 000 | 00832nam a2200313Ia 4500 | ||
|---|---|---|---|
| 008 | 170203s9999 xx 000 0 und d | ||
| 020 | _a0-786846356 | ||
| 050 | _aFIc | ||
| 050 | _bB217l | ||
| 100 | _aBanim, Lisa. | ||
| 245 | _aCase of the missing she-geek / | ||
| 245 | _cby Lisa Banim ; based on the series created by Terri Minsky. | ||
| 260 | _aNew York : | ||
| 260 | _bDisney Press | ||
| 260 | _c2004 | ||
| 300 | _a125 pages : | ||
| 300 | _billustrations ; | ||
| 300 | _c20 cm. | ||
| 440 | _aLizzie McGuire mysteries. | ||
| 650 | _aMissing persons -- | ||
| 650 | _aMissing persons -- | ||
| 650 | _aMissing persons. | ||
| 650 | _aMysteries -- | ||
| 650 | _aScience fiction fans -- | ||
| 650 | _xFiction. | ||
| 650 | _xFiction. | ||
| 650 | _xJuvenile fiction. | ||
| 650 | _xJuvenile fiction. | ||
| 999 |
_c306431 _d306431 |
||